| 000 | 01132cam a2200373 a 4500 | ||
|---|---|---|---|
| 001 | 6158 | ||
| 003 | FISKH | ||
| 005 | 20250828102720.0 | ||
| 008 | 030310s2003 nyua b 000 1 eng | ||
| 010 | _a 2003003658 | ||
| 020 | _a0516229370 (lib. bdg.) | ||
| 020 | _a0516246399 (pbk.) | ||
| 020 | _a9780516229379 | ||
| 040 |
_aDLC _cDLC _dDLC _beng |
||
| 050 | _aPZ7.P1247 S | ||
| 082 | _a560 | ||
| 100 | 1 | _aPackard, Mary. | |
| 245 | 1 | 0 |
_aSurprise! / _cwritten by Mary Packard ; illustrated by Benrei Huang. |
| 260 |
_aNew York : _bChildren's Press, _c2003. |
||
| 300 |
_a30 pages : _bcolor illustrations ; _c21 cm |
||
| 490 | _aMy first reader | ||
| 505 | _aD | ||
| 520 | _aChildren at a birthday party attempt to guess what is squeaking inside a wrapped package. | ||
| 521 | 8 |
_a160
_bLexile estimate |
|
| 521 | 8 |
_aD
_bRaz-Plus |
|
| 650 | 1 |
_aParties _vFiction. |
|
| 650 | 1 |
_aBirthdays _vFiction. |
|
| 650 | 1 |
_aGifts _vFiction. |
|
| 650 | 1 |
_aSurprise _vFiction. |
|
| 700 | 1 |
_aHuang, Benrei, _eillustrator |
|
| 906 |
_a7 _bcbc _corignew _d1 _eecip _f20 _gy-gencatlg |
||
| 942 |
_2ddc _cBK _n0 |
||
| 999 |
_c6158 _d6158 |
||